| 000 | 01330cam a2200241 4500 | ||
|---|---|---|---|
| 001 | ABS65432 | ||
| 008 | 020416n2002 000 0 eng u | ||
| 035 | _a(Sirsi) u117506 | ||
| 100 | _aBarrett, C | ||
| 245 | _aWage slip | ||
| 260 | _c2002 | ||
| 490 |
_aProperty Week _v67(9) 8 March 2002, 36-41(6) |
||
| 520 | _aSummarises the key findings of the RICS and Macdonald & Company survey of surveyors' salaries. Results are based on responses from 3 099 participants spanning the profession. The average salary across the industry without bonuses now stands at £35 517, an increase on £34 710 for 2001. While surveyors in fund management and investment brokerage benefit from the biggest increases, the annual salary for surveyors of 56 years old and above has fallen for the first time by 10%. The survey also reveals that dissatisfaction among new recruits is growing with almost 50% stating they would leave the profession if they were no longer in their current job. 2002 Salary Survey available from http://www.rics.org. Graphs. Charts. | ||
| 590 | _aABS | ||
| 650 | _aRICS | ||
| 650 | _aMACDONALD AND COMPANY | ||
| 650 | _aSALARY SURVEYS | ||
| 650 | _aSURVEYORS | ||
| 650 | _aSURVEYING PROFESSION | ||
| 690 | _aMANAGEMENT-BUSINESS MANAGEMENT-PROFESSIONAL PRACTICE | ||
| 700 | _aParker, S | ||
| 942 | _n0 | ||
| 999 |
_c69987 _d69987 |
||